The undivided share interes value

Bibliographic Details
Main Author: Siti Sauyah Bt. Jamaluddin
Format: Book
Published: 1987
Subjects:

MARC

LEADER 00000cam a2200000 7i4500
001 0000016709
005 20060704.0
040 |a INS 
090 0 0 |a KK253 
100 0 |a Siti Sauyah Bt. Jamaluddin 
245 1 4 |a The undivided share interes value   |c Siti Sauyah Bt. Jamaluddin 
260 |a 1987 
300 |a 17p. ;   |c 29 cm. 
650 0 0 |a Interst   |x Valuation 
999 |a KK00000568   |b BOOK   |c Open Shelf   |e Default branch